000
00351 a2200169 4500
001
187926
020
_a
978-85-09693-3
040
_c
Magnum
100
_a
Rey, Marcos
240
1
0
_a
Acontece na cidade
_l
por
245
1
0
_a
Acontece na cidade
300
_a
111
362
0
_a
2005
440
1
_a
Ática
697
_a
LITERATURA JUVENIL
942
_c
BK
999
_c
187926
_d
187926